Zabezpečenie nadväznosti prístrojového vybavenia pre kalibráciu vybraných druhov meradiel
Gespeichert in:
| 1. Verfasser: | |
|---|---|
| Weitere Verfasser: | |
| Format: | Manuskript Buch |
| Sprache: | Slowakisch |
| Veröffentlicht: |
2015
|
| Schlagworte: | |
| Online-Zugang: | http://is.stuba.sk/zp/portal_zp.pl?podrobnosti=98950 |
| Tags: |
Keine Tags, Fügen Sie das erste Tag hinzu!
|
MARC
| LEADER | 00000ntm a22000003a 4500 | ||
|---|---|---|---|
| 001 | stuzp52962 | ||
| 003 | SK-STU | ||
| 005 | 20160719154331.9 | ||
| 007 | ta | ||
| 008 | 150427s2015----xo-----f-mn---000-0-slo-d | ||
| 040 | |a STU |b slo | ||
| 041 | 0 | |a slo | |
| 100 | 1 | |a Chmelová, Mária |u 020020 |4 aut |U SjF Strojnícka fakulta |T SjF Ústav automatizácie, merania a aplikovanej informatiky |X 54979 |U J0020 |Y 802 |7 54979 | |
| 242 | 0 | 1 | |a Ensuring the continuity of instrumentation for calibration of selected types of gauges |y eng |
| 245 | 1 | 0 | |a Zabezpečenie nadväznosti prístrojového vybavenia pre kalibráciu vybraných druhov meradiel |
| 260 | |c 2015 | ||
| 650 | 4 | |a kalibrácia |2 slo | |
| 650 | 4 | |a termoelektrický snímač teploty |2 slo | |
| 650 | 4 | |a nadväznosť |2 slo | |
| 650 | 4 | |a calibration |2 eng | |
| 650 | 4 | |a thermoelectric temperature sensors |2 eng | |
| 650 | 4 | |a continuity |2 eng | |
| 700 | 1 | |a Ďuriš, Stanislav |4 ths |X 36537 |7 A000036537 | |
| 856 | 4 | |u http://is.stuba.sk/zp/portal_zp.pl?podrobnosti=98950 | |
| 996 | |b 284J043842 |c J* 2132/BP |l JJSK |s A |a 24 |w stuzp52962_0001 | ||
| SQL | |a stuzp52962 |b DBP |c SLO |d Zabezpečenie nadväznosti prístrojového vybavenia pre kalibráciu vybraných druhov meradiel |e 54979 |f Chmelová, Mária |g 020020 |h 36537 |i Ďuriš, Stanislav |j 20150615 |k 643 |l 02 |m http://is.stuba.sk/zp/portal_zp.pl?podrobnosti=98950 |n B-VSMK |o 5.2.50. výrobná technika, 5.2.57. kvalita produkcie | ||